Fortnite : Collaborations (Chap1/Chap2) - Statistiques

Statistiques générales
  • Ce quiz a été pris 552 fois
  • Le résultat moyen est 19 sur 82
Statistiques - réponses
Saison Collaboration % Correct
Chapter 2: Season 2 Marvel
77%
Chapter 2: Season 3 Marvel
77%
Chapter 2: Season 4 Marvel
77%
Chapter 2: Season 5 Marvel
77%
Chapter 2: Season 5 Marvel
77%
Chapter 2: Season 7 Marvel
77%
Chapter 2: Season 8 Marvel
77%
Chapter 2: Season 8 Marvel
77%
Chapter 2: Season 8 Marvel
77%
Saison 8 Marvel's Avengers : Endgame
76%
Saison 4 Marvel's Avengers : Infinity War
76%
Chapter 2: Season 2 Travis Scott
57%
Chapter 2: Season 1 Star Wars
52%
Chapter 2: Season 5 Star Wars
52%
Season X DC Comics
45%
Chapter 2: Season 3 DC Comics
45%
Chapter 2: Season 4 DC Comics
45%
Chapter 2: Season 5 DC Comics
45%
Chapter 2: Season 5 DC Comics
45%
Chapter 2: Season 6 DC Comics
45%
Chapter 2: Season 7 DC Comics
45%
Chapter 2: Season 8 DC Comics
45%
Saison 7 Marshmello
45%
Chapter 2: Season 8 Naruto
39%
Chapter 2: Season 7 Ariana Grande
31%
Chapter 2: Season 8 Ariana Grande
31%
Chapter 2: Season 1 Ninja
30%
Chapter 2: Season 6 Batman
25%
Saison 9 John Wick
20%
Saison 9 Straanger Things
20%
Chapter 2: Season 6 Neymar
19%
Chapter 2: Season 7 Rick and Morty
19%
Chapter 2: Season 5 God of War
15%
Chapter 2: Season 4 Rocket League
15%
Chapter 2: Season 6 Rocket League
15%
Chapter 2: Season 5 Alien
14%
Chapter 2: Season 7 Bugha
14%
Chapter 2: Season 5 Halo
13%
Chapter 2: Season 5 Street Fighter
13%
Chapter 2: Season 7 Street Fighter
13%
Chapter 2: Season 5 Predator
12%
Chapter 2: Season 5 The Walking Dead
11%
Chapter 2: Season 8 The Walking Dead
11%
Saison X Borderlands 3
10%
Chapter 2: Season 6 Tomb Raider
9%
Chapter 2: Season 8 Balenciaga
8%
Chapter 2: Season 3 Loserfruit
8%
Saison X Major Lazer
7%
Chapter 2: Season 7 Ferrari
6%
Chapter 2: Season 7 LeBron James
6%
Saison 6 Ligue nationale de football
6%
Chapter 2: Season 4 J Balvin
5%
Chapter 2: Season 7 J Balvin
5%
Saison 9 Air Jordan
4%
Chapter 2: Season 4 Lachlan
4%
Chapter 2: Season 5 LazarBeam
4%
Saison 6 Ralph brise Internet
4%
Chapter 2: Season 8 Resident Evil
4%
Chapter 2: Season 8 Dune
3%
Chapter 2: Season 6 Horizon Zero Dawn
3%
Chapter 2: Season 8 League of Legends
3%
Chapter 2: Season 5 TheGrefg
3%
Chapter 2: Season 5 TRON
3%
Chapter 2: Season 7 Free Guy
2%
Chapter 2: Season 4 Ghostbusters
2%
Chapter 2: Season 5 G.I. Joe
2%
Chapter 2: Season 2 Houseparty
2%
Chapter 2: Season 8 Kaws
2%
Chapter 2: Season 8 Moncler
2%
Chapter 2: Season 8 Monopoly
2%
Chapter 2: Season 6 National Basketball Association
2%
Chapter 2: Season 2 Punk’d
2%
Chapter 2: Season 3 Tenet
2%
Chapter 2: Season 7 Bad Boys
1%
Chapter 2: Season 8 Chespirito
1%
Chapter 2: Season 7 Gildedguy
1%
Chapter 2: Season 6 Mistborn
1%
Chapter 2: Season 7 Superplastic
1%
Chapter 2: Season 8 Superplastic
1%
Chapter 2: Season 7 TIME
1%
Chapter 2: Season 7 UEFA Euro 2020
1%
Chapter 2: Season 8 Universal
1%
Aucun quiz correspondant
Distribution des résultats
% des personnes avec chaque résultat
Percentile par nombre de réponses
Votre historique - résultats
Vous n’avez pas pris ce quiz